000 00336nam a2200133Ia 4500
005 20260328101517.0
008 260328s9999||||xx |||||||||||||| ||und||
100 _aDe La Mora, Santiago
245 0 _aPlaneamiento versus Arquitectura /
_cSantiago De La Mora
260 _bIqueima
300 _a140 p.
650 _aURBANISMO
942 _cBK
999 _c9441
_d9441